[Event "La Pobla de Lillet op-B"]
[Site "La Pobla de Lillet"]
[Date "2022.08.04"]
[Round "3"]
[White "Gomez Sanchez, Javier"]
[Black "Camprubi Juanola, Jordi"]
[Result "0-1"]
[WhiteElo "1420"]
[BlackElo "1720"]
[PlyCount "62"]
[EventDate "2022.08.02"]
[EventType "swiss"]
[EventRounds "9"]
[EventCountry "ESP"]
[SourceTitle "CBM 209 Extra"]
[Source "ChessBase"]
[SourceDate "2022.09.30"]
[SourceVersion "1"]
[SourceVersionDate "2022.09.30"]
[SourceQuality "1"]

1. e4 b6 2. c4 Bb7 3. Nc3 g6 4. Nf3 Bg7 5. d3 d6 6. Be2 Nd7 7. 0-0 e6 8. Bf4 Ne7 9. Qc1 0-0 10. b4 a5 11. b5 f5 12. Bh6 Nc5 13. Bxg7 Kxg7 14. exf5 Nxf5 15. d4 Nd7 16. Qd2 Qf6 17. Rfe1 Nh4 18. Qe3 Bxf3 19. Bxf3 Nxf3+ 20. Qxf3 Qxf3 21. gxf3 Rxf3 22. Rxe6 Rxc3 23. Re7+ Kh6 24. Rxd7 Rxc4 25. Re1 Rxd4 26. Rxc7 Rb4 27. Rc6 Rxb5 28. Rxd6 Rb2 29. a4 Rf8 30. Rf1 Rf4 31. Ra1 Rfxf2 0-1

[Event "Roncana op-B 13th"]
[Site "Santa Eulalia de Roncana"]
[Date "2019.11.30"]
[Round "8"]
[White "Amirkhanyan, Mane"]
[Black "Gomez Sanchez, Javier"]
[Result "1-0"]
[WhiteElo "1450"]
[BlackElo "1405"]
[PlyCount "71"]
[EventDate "2019.09.28"]
[EventType "swiss"]
[EventRounds "8"]
[EventCountry "ESP"]
[SourceTitle "CBM 193 Extra"]
[Source "ChessBase"]
[SourceDate "2020.01.31"]
[SourceVersion "1"]
[SourceVersionDate "2020.01.31"]
[SourceQuality "1"]

1. e4 c6 2. d4 d5 3. Nc3 dxe4 4. Nxe4 Bf5 5. Ng3 Bg6 6. Nf3 Nd7 7. Be2 Ngf6 8. Bd2 e6 9. Nh4 Be7 10. Nxg6 fxg6 11. Bc4 e5 12. dxe5 Nxe5 13. Bb3 Nd5 14. Ne4 0-0 15. Nc3 Bc5 16. f4 Qh4+ 17. g3 Qh3 18. Nxd5 cxd5 19. Bxd5+ Kh8 20. Qe2 Ng4 21. Bg2 Bf2+ 22. Kf1 Qh5 23. Bf3 Qh3+ 24. Bg2 Qh5 25. h3 Rfe8 26. Qf3 Qb5+ 27. Qd3 Qxd3+ 28. cxd3 Bxg3 29. hxg4 Rf8 30. Be4 Bxf4 31. Ke2 Bc7 32. Bxg6 h6 33. g5 Rad8 34. gxh6 gxh6 35. Bc3+ Kg8 36. Rxh6 1-0

[Event "Foment Martinenc op-B 20th"]
[Site "Barcelona"]
[Date "2018.05.19"]
[Round "5"]
[White "Guerrero Baez, Indira"]
[Black "Gomez Sanchez, Javier"]
[Result "1/2-1/2"]
[WhiteElo "1128"]
[BlackElo "1383"]
[PlyCount "109"]
[EventDate "2018.04.21"]
[EventType "swiss"]
[EventRounds "9"]
[EventCountry "ESP"]
[SourceTitle "CBM 184 Extra"]
[Source "ChessBase"]
[SourceDate "2018.06.28"]
[SourceVersion "1"]
[SourceVersionDate "2018.06.28"]
[SourceQuality "1"]

1. d4 d5 2. Nf3 Bf5 3. e3 Nf6 4. c4 Nbd7 5. Nc3 e6 6. Qb3 b6 7. cxd5 exd5 8. Nxd5 Be6 9. Nxf6+ Nxf6 10. Bb5+ Nd7 11. Qa4 a6 12. Bc6 b5 13. Qc2 Rb8 14. Bd2 Bd6 15. Ba5 0-0 16. Rc1 Nf6 17. 0-0 Bd5 18. e4 Bc4 19. e5 Bxf1 20. Rxf1 Bxe5 21. dxe5 Ng4 22. Rd1 Qe7 23. Rd7 Qe6 24. Bxc7 Rbc8 25. Bd6 Qxd7 26. Nd4 Rxc6 27. Nxc6 Re8 28. h3 Qxd6 29. hxg4 Qe6 30. b3 Qxg4 31. Qd3 Kh8 32. Nd8 Qg6 33. Qxg6 hxg6 34. Nxf7+ Kg8 35. Nd6 Rxe5 36. Kf1 Rd5 37. Ne4 Rd1+ 38. Ke2 Ra1 39. Nc3 Rc1 40. Kd2 Rg1 41. g3 Kf7 42. b4 Ke6 43. a4 bxa4 44. Nxa4 Rb1 45. Nc5+ Kd5 46. Nxa6 Kc4 47. Ke3 Kb5 48. Nc7+ Kxb4 49. Nd5+ Kc5 50. Nf4 Rb6 51. Kf3 Rf6 52. Ke3 g5 53. Nd3+ Kc4 54. Ne5+ Kd5 55. Nd3 1/2-1/2

[Event "Llinars del Valles op 11th B"]
[Site "Llinars del Valles"]
[Date "2017.06.17"]
[Round "9.22"]
[White "Fasheh Braud, Ivan Wael"]
[Black "Gomez Sanchez, Javier"]
[Result "1-0"]
[WhiteElo "1586"]
[BlackElo "1364"]
[PlyCount "63"]
[EventDate "2017.04.22"]
[EventType "swiss"]
[EventRounds "9"]
[EventCountry "ESP"]
[SourceTitle "EXT 2024"]
[Source "ChessBase"]
[SourceDate "2023.10.10"]
[SourceVersion "1"]
[SourceVersionDate "2023.10.10"]
[SourceQuality "1"]

1. e4 e6 2. d4 d5 3. e5 c5 4. c3 Nc6 5. Nf3 Qb6 6. Bd3 Bd7 7. 0-0 cxd4 8. cxd4 Nxd4 9. Nxd4 Qxd4 10. Nc3 Qxe5 11. Re1 Qd6 12. Qf3 Nf6 13. Nb5 Qb6 14. Be3 Bc5 15. Bxc5 Qxc5 16. Rac1 Qb6 17. Nc7+ Ke7 18. Nxa8 Rxa8 19. Rc2 Bc6 20. Rec1 d4 21. Qg3 Qa5 22. b3 Rd8 23. a4 Rd5 24. Bb5 Bxb5 25. axb5 Qxb5 26. Qxg7 d3 27. Rc8 Ne8 28. Qc3 d2 29. Rd1 Qe2 30. Qb4+ Nd6 31. Qh4+ Kd7 32. Qd8# 1-0

[Event "Llinars del Valles op 11th B"]
[Site "Llinars del Valles"]
[Date "2017.05.27"]
[Round "6.12"]
[White "Parra Ordorica, Gorka"]
[Black "Gomez Sanchez, Javier"]
[Result "0-1"]
[WhiteElo "1630"]
[BlackElo "1364"]
[PlyCount "58"]
[EventDate "2017.04.22"]
[EventType "swiss"]
[EventRounds "9"]
[EventCountry "ESP"]
[SourceTitle "EXT 2024"]
[Source "ChessBase"]
[SourceDate "2023.10.10"]
[SourceVersion "1"]
[SourceVersionDate "2023.10.10"]
[SourceQuality "1"]

1. e4 e5 2. Nf3 Nc6 3. Bb5 Bc5 4. d3 d6 5. h3 Nge7 6. 0-0 a6 7. Ba4 0-0 8. c3 Be6 9. d4 exd4 10. cxd4 Bc4 11. dxc5 Bxf1 12. cxd6 Bb5 13. dxe7 Qxe7 14. Nc3 Rad8 15. Qc2 Bd3 16. Qb3 b5 17. Bg5 Qc5 18. Bxd8 Rxd8 19. Re1 bxa4 20. Qxa4 h6 21. Qb3 Nd4 22. Nxd4 Rxd4 23. a3 Bc4 24. Qc2 Bd3 25. Qb3 Bc4 26. Qb8+ Kh7 27. Kh1 Rd2 28. f3 Qf2 29. Rg1 Bf1 0-1

[Event "Roncana op-B 9th"]
[Site "Santa Eulalia de Roncana"]
[Date "2015.11.21"]
[Round "7"]
[White "Salvans Serra, Arnau"]
[Black "Gomez Sanchez, Javier"]
[Result "1-0"]
[WhiteElo "1810"]
[BlackElo "1714"]
[PlyCount "45"]
[EventDate "2015.10.03"]
[EventType "swiss"]
[EventRounds "8"]
[EventCountry "ESP"]
[SourceTitle "EXT 2017"]
[Source "ChessBase"]
[SourceDate "2016.10.25"]
[SourceVersion "1"]
[SourceVersionDate "2016.10.25"]
[SourceQuality "1"]

1. d4 e6 2. c4 f5 3. a3 c6 4. Nf3 d5 5. e3 Nf6 6. Nc3 Nbd7 7. c5 b6 8. b4 a5 9. Ng5 Qe7 10. Rb1 axb4 11. axb4 Ne4 12. Ngxe4 fxe4 13. Be2 e5 14. 0-0 b5 15. Bg4 Qg5 16. f4 exf3 17. Rxf3 Nf6 18. Bxc8 Rxc8 19. e4 Qh5 20. exd5 e4 21. Nxe4 Be7 22. Nxf6+ Bxf6 23. Qe2+ 1-0